Survey (Record no. 84155)

MARC details
000 -LEADER
fixed length control field 00972cab a22002175a 4500
001 - CONTROL NUMBER
control field L156781
008 - FIXED-LENGTH DATA ELEMENTS--GENERAL INFORMATION
fixed length control field 120716e2012 xxk 000 0 eng d
035 ## - SYSTEM CONTROL NUMBER
System control number (Sirsi) u156781
041 0# - LANGUAGE CODE
Language code of text/sound track or separate title eng
110 2# - MAIN ENTRY--CORPORATE NAME
Corporate name or jurisdiction name as entry element EuroProperty
9 (RLIN) 1216
245 00 - TITLE STATEMENT
Title Survey
Remainder of title Benelux countries
260 ## - PUBLICATION, DISTRIBUTION, ETC.
Date of publication, distribution, etc. 2012
490 #0 - SERIES STATEMENT
Series statement EuroProperty
Volume/sequential designation 9 July 2012, 17-21(5)
520 ## - SUMMARY, ETC.
Summary, etc. Most investors currently targeting Belgium are concentrating on retail assets. Euros 548m was spent on Belgian real estate in Q1 2012 with 53% of the total investment volume within the retail sector. Luxembourg's small property market focuses mainly on the office sector with Q1 2012 take-up decreasing slightly and vacancy rates dropping to 5.9%. Although the number of office deals has risen in the Netherlands market, the recession-driven crisis is not yet over.
590 ## - LOCAL NOTE (RLIN)
Local note KA
651 #4 - SUBJECT ADDED ENTRY--GEOGRAPHIC NAME
Geographic name Belgium
651 #4 - SUBJECT ADDED ENTRY--GEOGRAPHIC NAME
Geographic name Netherlands
651 #4 - SUBJECT ADDED ENTRY--GEOGRAPHIC NAME
Geographic name Luxembourg
690 ## - LOCAL SUBJECT ADDED ENTRY--TOPICAL TERM (OCLC, RLIN)
Topical term or geographic name as entry element Commercial property
9 (RLIN) 6227
942 ## - ADDED ENTRY ELEMENTS (KOHA)
Suppress in OPAC 0
Holdings
Withdrawn status Lost status Source of classification or shelving scheme Damaged status Not for loan Home library Current library Shelving location Date acquired Total Checkouts Full call number Barcode Date last seen Copy number Price effective from Koha item type
    Dewey Decimal Classification     London London Journal article 16/07/2012   L156781 156781-1001 06/08/2019 1 06/08/2019 Journal article